<?xml version="1.0" encoding="UTF-8"?><?xml-stylesheet type="text/xsl" href="static/style.xsl"?><OAI-PMH xmlns="http://www.openarchives.org/OAI/2.0/" xmlns:xsi="http://www.w3.org/2001/XMLSchema-instance" xsi:schemaLocation="http://www.openarchives.org/OAI/2.0/ http://www.openarchives.org/OAI/2.0/OAI-PMH.xsd"><responseDate>2026-04-17T16:15:16Z</responseDate><request verb="GetRecord" identifier="oai:www.recercat.cat:2072/429759" metadataPrefix="marc">https://recercat.cat/oai/request</request><GetRecord><record><header><identifier>oai:recercat.cat:2072/429759</identifier><datestamp>2024-10-31T02:22:05Z</datestamp><setSpec>com_2072_98</setSpec><setSpec>col_2072_378192</setSpec></header><metadata><record xmlns="http://www.loc.gov/MARC21/slim" xmlns:dcterms="http://purl.org/dc/terms/" xmlns:xsi="http://www.w3.org/2001/XMLSchema-instance" xmlns:doc="http://www.lyncode.com/xoai" xsi:schemaLocation="http://www.loc.gov/MARC21/slim http://www.loc.gov/standards/marcxml/schema/MARC21slim.xsd">
   <leader>00925njm 22002777a 4500</leader>
   <datafield ind2=" " ind1=" " tag="042">
      <subfield code="a">dc</subfield>
   </datafield>
   <datafield ind2=" " ind1=" " tag="720">
      <subfield code="a">Vidaurre Arenas, Carmen Vitaliana</subfield>
      <subfield code="e">author</subfield>
   </datafield>
   <datafield ind2=" " ind1=" " tag="260">
      <subfield code="c">2018</subfield>
   </datafield>
   <datafield ind2=" " ind1=" " tag="520">
      <subfield code="a">A la luz de diversas propuestas teóricas, estudiamos algunas caricaturas de Ángel Boligán, contenidas en el libro El amor y otras mentiras(2016). Le damos prioridad al componente menos tratado al abordar la caricatura, y tratamos el humor como un elemento de estudio, en el análisis de lo fantástico. Los resultados permiten constatar la importancia que tienen los códigos culturales en la captación de efectos fantásticos y humorísticos, comprobar la operatividad de algunas consideraciones metodológicas, identificar puntos de contacto entre los dos conceptos, y ahondar en el conocimiento del trabajo de un artista que cuenta con un destacado reconocimiento internacional.</subfield>
   </datafield>
   <datafield ind2=" " ind1=" " tag="520">
      <subfield code="a">In light of various theoretical proposals, we analyze some of Angel Boligán's cartoons from the book Love and Other Lies(2016), to identify the way in which they fit or are distanced from definitions of the fantastic. We also analyze some resources that the graphic artist uses to propitiate humorous and fantastic effects. Our study allows us to verify the importance of interpretive cultural codes in the capture of fantastic and humoristic effects, to check the operation and limits of some methodological considerations, to identify points of contact between humor and fantasy, but, above all, to further knowledge of the work of an artist who has outstanding international recognition.</subfield>
   </datafield>
   <datafield tag="653" ind2=" " ind1=" ">
      <subfield code="a">Ángel Boligán</subfield>
   </datafield>
   <datafield tag="653" ind2=" " ind1=" ">
      <subfield code="a">Recursos de lo fantástico</subfield>
   </datafield>
   <datafield tag="653" ind2=" " ind1=" ">
      <subfield code="a">Caricatura</subfield>
   </datafield>
   <datafield tag="653" ind2=" " ind1=" ">
      <subfield code="a">Análisis visual</subfield>
   </datafield>
   <datafield tag="653" ind2=" " ind1=" ">
      <subfield code="a">Humor gráfico</subfield>
   </datafield>
   <datafield tag="653" ind2=" " ind1=" ">
      <subfield code="a">Fantastic resources</subfield>
   </datafield>
   <datafield tag="653" ind2=" " ind1=" ">
      <subfield code="a">Cartoons</subfield>
   </datafield>
   <datafield tag="653" ind2=" " ind1=" ">
      <subfield code="a">Visual analysis</subfield>
   </datafield>
   <datafield tag="653" ind2=" " ind1=" ">
      <subfield code="a">Graphic humor</subfield>
   </datafield>
   <datafield ind2="0" ind1="0" tag="245">
      <subfield code="a">Lo fantástico y el humor en las caricaturas de Boligán</subfield>
   </datafield>
</record></metadata></record></GetRecord></OAI-PMH>